La decadenza di un'economia cittadina : l'industria di Firenze nei secoli XVI-XVIII /

Bibliographic Details
Main Author: Malanima, Paolo
Format: Book
Language:Italian
Published: Bologna : Il Mulino, [1982]
Series:Saggi (Bologna, Italy) ; 227.
Subjects:

MARC

Tag First Indicator Second Indicator Subfields
LEADER 00000cam a2200000 a 4500
001 in00000930331
005 20150925103102.0
008 831202s1982 it b b 00010 ita
010 |a  82233480  
020 |c L25000 
035 |a (OCoLC)10230369 
035 |9 AER8366AM 
040 |a DLC  |c DLC  |d m/c  |d UtOrBLW 
043 |a e-it--- 
049 |a TXAM 
050 0 0 |a HC308.F6  |b M34 1982 
082 0 |a 338.0945/51  |2 19 
100 1 |a Malanima, Paolo. 
245 1 3 |a La decadenza di un'economia cittadina :  |b l'industria di Firenze nei secoli XVI-XVIII /  |c Paolo Malanima. 
264 1 |a Bologna :  |b Il Mulino,  |c [1982] 
264 4 |c ©1982 
300 |a 358 pages :  |b maps ;  |c 22 cm. 
336 |a text  |b txt  |2 rdacontent 
337 |a unmediated  |b n  |2 rdamedia 
338 |a volume  |b nc  |2 rdacarrier 
490 1 |a Saggi ;  |v 227 
504 |a Includes bibliographical references. 
651 0 |a Florence (Italy)  |x Industries  |x History. 
651 0 |a Florence (Italy)  |x Commerce  |x History. 
651 0 |a Florence (Italy)  |x Economic conditions. 
650 0 |a Textile industry  |z Italy  |z Florence  |x History. 
650 0 |a Produce trade  |z Italy  |z Florence  |x History. 
650 0 |a Banks and banking  |z Italy  |z Florence  |x History. 
830 0 |a Saggi (Bologna, Italy) ;  |v 227. 
999 |a MARS 
999 f f |s a21e80ca-dc20-37e9-af39-2fe3b31b5264  |i d51457b5-5596-37db-b8ab-159565f3d001  |t 0 
952 f f |p ric  |a Texas A&M University  |b Rellis Campus  |c Joint Library Facility  |d Remote Storage  |t 0  |e HC308.F6 M34 1982  |h Library of Congress classification  |i unmediated -- volume  |m A14815289933 
998 f f |a HC308.F6 M34 1982  |t 0  |l Remote Storage